Memorias de Gestión 2014-2016 (Record no. 9846)

MARC details
000 -LEADER
campo de control de longitud fija 00370nam a2200133Ia 4500
001 - NÚMERO DE CONTROL
campo de control 4087
008 - DATOS DE LONGITUD FIJA--INFORMACIÓN GENERAL
campo de control de longitud fija 241024s9999 xx 000 0 und d
082 ## - NÚMERO DE LA CLASIFICACIÓN DECIMAL DEWEY
Número de clasificación RD/306/R426m/2014-2016
100 ## - ENTRADA PRINCIPAL--NOMBRE DE PERSONA
Nombre de persona República Dominicana. Ministerio de Educación
245 #0 - MENCIÓN DEL TÍTULO
Título Memorias de Gestión 2014-2016
260 ## - PUBLICACIÓN, DISTRIBUCIÓN, ETC.
Nombre del editor, distribuidor, etc. Santo Domingo
Fecha de publicación, distribución, etc. 2016
901 ## - ELEMENTOS DE DATOS A LOCAL LDA (RLIN)
a 31/5/2016 10:03:23 a.m.

No items available.

© 2024. Todos los Derechos Reservados. Desarrollado por IDEICE